Soviet League Champions - Statistics

General Stats
  • This quiz has been taken 14 times
  • The average score is 44 of 53
Answer Stats
Year Answer % Correct
1946 CDKA Moscow
100%
1947 CDKA Moscow
100%
1948 CDKA Moscow
100%
1950 CDKA Moscow
100%
1951 CDSA Moscow
100%
1970 CSKA Moscow
100%
1991 CSKA Moscow
100%
1961 Dynamo Kyiv
100%
1966 Dynamo Kyiv
100%
1967 Dynamo Kyiv
100%
1968 Dynamo Kyiv
100%
1971 Dynamo Kyiv
100%
1974 Dynamo Kyiv
100%
1975 Dynamo Kyiv
100%
1977 Dynamo Kyiv
100%
1980 Dynamo Kyiv
100%
1981 Dynamo Kyiv
100%
1985 Dynamo Kyiv
100%
1986 Dynamo Kyiv
100%
1990 Dynamo Kyiv
100%
1984 Zenit Saint Petersburg
100%
1936 Autumn Spartak Moscow
92%
1938 Spartak Moscow
92%
1939 Spartak Moscow
92%
1952 Spartak Moscow
92%
1953 Spartak Moscow
92%
1956 Spartak Moscow
92%
1958 Spartak Moscow
92%
1962 Spartak Moscow
92%
1969 Spartak Moscow
92%
1979 Spartak Moscow
92%
1987 Spartak Moscow
92%
1989 Spartak Moscow
92%
1960 Torpedo Moscow
77%
1965 Torpedo Moscow
77%
1976 Autumn Torpedo Moscow
77%
1982 Dinamo Minsk
62%
1964 Dinamo Tbilisi
62%
1978 Dinamo Tbilisi
62%
1936 Spring Dynamo Moscow
62%
1937 Dynamo Moscow
62%
1940 Dynamo Moscow
62%
1949 Dynamo Moscow
62%
1954 Dynamo Moscow
62%
1955 Dynamo Moscow
62%
1957 Dynamo Moscow
62%
1959 Dynamo Moscow
62%
1963 Dynamo Moscow
62%
1976 Spring Dynamo Moscow
62%
1973 Ararat Yerevan
38%
1983 Dnipro
38%
1988 Dnipro
38%
1972 Zorya Voroshilovgrad
31%
No matching quizzes found
Score Distribution
Percent of People with Each Score
Percentile by Number Answered
Your Score History
You have not taken this quiz